000 00296nam a22001337a 4500
008 170801b xxu||||| |||| 00| 0 eng d
020 _a0131101633
041 _aeng
080 _a004
100 _a32
101 _aSHK
245 _aTHE C PROGRAMMING LANGUAGE
_cKERNIGHAN,B.W
942 _2udc
_cBK
999 _c22383
_d22383